Stades de Pro D2 (2024-2025) - Statistiques

Statistiques générales
  • Ce quiz a été pris 44 fois
  • Le résultat moyen est 7 sur 16
Statistiques - réponses
Hint Réponse % Correct
FC Grenoble des Alpes
76%
Biarritz Olympique Parc des Sports d'Aguiléra
70%
US Montauban Sapiac
70%
Stade Montois André et Guy Boniface
65%
CA Brive Amédée Domenech
62%
SU Agen Armandie
54%
USON Nevers du Pré Fleuri
46%
Oyonnax Rugby Charles Mathon
43%
US Dax Maurice Boyau
38%
Colomiers Rugby Michel Bendichou
38%
Stade Aurillacois Jean Alric
35%
AS Béziers Raoul Barrière
32%
Soyaux Angoulême XV Chanzy
30%
Provence Rugby Maurice David
16%
Valence Romans DR Georges Pompidou
11%
Stade Niçois Marcel Volot
5%
Aucun quiz correspondant
Distribution des résultats
% des personnes avec chaque résultat
Percentile par nombre de réponses
Votre historique - résultats
Vous n’avez pas pris ce quiz